[Event "GMA"]
[Site "Wijk aan Zee NED"]
[Date "2003.01.12"]
[Round "2"]
[White "Timman,J"]
[Black "Grischuk,A"]
[Result "1/2-1/2"]
[WhiteElo "2594"]
[BlackElo "2712"]
[EventDate "2003.01.11"]

1. c4 Nf6 2. d4 e6 3. Nf3 b6 4. g3 Ba6 5. Qa4 c5 6. dxc5 Bxc5 7. Bg2 Bb7 8.
O-O O-O 9. Nc3 Be7 10. Bf4 Na6 11. Rfd1 Nc5 12. Qc2 Qc8 13. Rd4 d5 14. cxd5
exd5 15. Rdd1 Nce4 16. Rac1 Bc5 17. Nd4 Re8 18. Nxe4 Nxe4 19. Qd3 Qd8 20.
Qf3 a5 21. Be3 Nd6 22. Bf4 Ne4 23. Be3 Nd6 24. Bf4 Ne4 1/2-1/2

[Event "GMA"]
[Site "Wijk aan Zee NED"]
[Date "2003.01.12"]
[Round "2"]
[White "Ivanchuk,V"]
[Black "Krasenkow,M"]
[Result "1/2-1/2"]
[WhiteElo "2699"]
[BlackElo "2633"]
[EventDate "2003.01.11"]

1. e4 e5 2. Nf3 Nc6 3. Bb5 a6 4. Ba4 Nf6 5. O-O Nxe4 6. d4 b5 7. Bb3 d5 8.
dxe5 Be6 9. Nbd2 Be7 10. c3 Qd7 11. Qe2 Nc5 12. Bc2 Bf5 13. Nb3 Bxc2 14.
Qxc2 Ne6 15. Be3 O-O 16. Rad1 f6 17. exf6 Rxf6 18. Qd3 Rd8 19. Rfe1 h6 20.
Kh1 Bf8 21. Bd4 Nf4 22. Qf1 Rf7 23. Be3 Ng6 24. Bc5 Rf6 25. Re3 Qf7 26. Rd2
Rf5 27. Nfd4 Nxd4 28. cxd4 Bd6 29. Bxd6 cxd6 30. Nc1 b4 31. f3 Qc7 32. Re1
a5 33. Ne2 Rf7 34. Rc1 Qb7 35. Qf2 Re8 36. Ng1 1/2-1/2

[Event "GMA"]
[Site "Wijk aan Zee NED"]
[Date "2003.01.12"]
[Round "2"]
[White "Ponomariov,R"]
[Black "Kramnik,V"]
[Result "1-0"]
[WhiteElo "2734"]
[BlackElo "2807"]
[EventDate "2003.01.11"]

1. d4 Nf6 2. c4 e6 3. Nc3 Bb4 4. e3 O-O 5. Nge2 d5 6. a3 Be7 7. cxd5 Nxd5
8. Bd2 Nd7 9. g3 b6 10. Nxd5 exd5 11. Bg2 Nf6 12. O-O Ne4 13. Rc1 Bb7 14.
Qc2 Rc8 15. Rfd1 Bd6 16. Bb4 Qf6 17. Nc3 Nxc3 18. Qxc3 c6 19. Bxd6 Qxd6 20.
b4 Rc7 21. a4 Bc8 22. a5 Ba6 23. Ra1 Bb5 24. Rdc1 Re8 25. axb6 axb6 26. Bf1
Bxf1 27. Kxf1 Rb8 28. Ra6 Qd7 29. Kg1 h6 30. Qa3 Rcc8 31. h4 Qf5 32. Ra7 g5
33. h5 Qf3 34. Qd3 Kh8 35. Qa6 Kg7 36. b5 c5 37. dxc5 bxc5 38. Qg6+ 1-0

[Event "GMA"]
[Site "Wijk aan Zee NED"]
[Date "2003.01.12"]
[Round "2"]
[White "Karpov,An"]
[Black "Shirov,A"]
[Result "1/2-1/2"]
[WhiteElo "2688"]
[BlackElo "2723"]
[EventDate "2003.01.11"]

1. d4 d5 2. c4 dxc4 3. e4 Nf6 4. e5 Nd5 5. Bxc4 Nb6 6. Bd3 Nc6 7. Be3 Nb4
8. Be4 f5 9. exf6 exf6 10. Nc3 f5 11. Bf3 N4d5 12. Bd2 Be6 13. Nh3 Be7 14.
O-O O-O 15. Re1 Bf7 16. Nxd5 Nxd5 17. Qc2 Qd7 18. Ng5 Bf6 19. Nxf7 Rxf7 20.
Qb3 c6 21. Rad1 Rd8 22. Ba5 Rdf8 23. h3 Kh8 24. Bd2 Rd8 25. Bxd5 Qxd5 26.
Qxd5 cxd5 27. Bf4 g6 28. Be5 Bxe5 29. Rxe5 Rc7 30. Rd2 Kg7 31. g4 Kf6 32.
Kg2 Rc4 33. f4 Rd7 34. Kg3 a5 35. Kh4 a4 36. a3 b5 37. gxf5 gxf5 38. Kh5 b4
39. axb4 Rxb4 40. Re8 Rb3 41. Rf8+ Rf7 42. Rxf7+ Kxf7 43. Kg5 Rxh3 44. Kxf5
Rh5+ 45. Kg4 Rh1 46. Kf5 Rh5+ 47. Kg4 Rh1 48. Rc2 Rd1 49. Rc7+ Kg8 50. Rc8+
1/2-1/2

[Event "GMA"]
[Site "Wijk aan Zee NED"]
[Date "2003.01.14"]
[Round "3"]
[White "Grischuk,A"]
[Black "Karpov,An"]
[Result "1/2-1/2"]
[WhiteElo "2712"]
[BlackElo "2688"]
[EventDate "2003.01.11"]

1. e4 e5 2. Nf3 Nf6 3. Nxe5 d6 4. Nf3 Nxe4 5. d4 d5 6. Bd3 Nc6 7. O-O Be7
8. c4 Nb4 9. Be2 O-O 10. Nc3 Bf5 11. a3 Nxc3 12. bxc3 Nc6 13. Re1 Re8 14.
Bf4 dxc4 15. Bxc4 Bd6 16. Rxe8+ Qxe8 17. Ng5 Bg6 18. Bxd6 cxd6 19. h4 Qe7
20. Qg4 h6 21. Nf3 Qe4 22. Qg3 Rd8 23. Re1 Qf5 24. Ba2 Qf6 25. Nh2 Qf5 26.
Ng4 Kf8 27. Bb1 Qh5 28. Qf4 Bxb1 29. Rxb1 Rd7 30. Ne3 Ne7 31. g3 Nd5 32.
Nxd5 Qxd5 33. Re1 Re7 34. Rxe7 Kxe7 35. Qe3+ Qe6 1/2-1/2

[Event "GMA"]
[Site "Wijk aan Zee NED"]
[Date "2003.01.15"]
[Round "4"]
[White "Timman,J"]
[Black "Anand,V"]
[Result "1/2-1/2"]
[WhiteElo "2594"]
[BlackElo "2753"]
[EventDate "2003.01.11"]

1. d4 d5 2. c4 e6 3. Nc3 Be7 4. Nf3 Nf6 5. Bg5 h6 6. Bxf6 Bxf6 7. e3 O-O 8.
Rc1 c6 9. Bd3 Nd7 10. O-O dxc4 11. Bxc4 e5 12. h3 exd4 13. exd4 Nb6 14. Bb3
Re8 15. Re1 Bf5 16. Rxe8+ Qxe8 17. Qd2 Qd7 18. Re1 a5 19. a3 Re8 20. Rxe8+
Qxe8 21. Qf4 Be6 22. Bxe6 Qxe6 23. Qb8+ 1/2-1/2

[Event "GMA"]
[Site "Wijk aan Zee NED"]
[Date "2003.01.15"]
[Round "4"]
[White "Bareev,E"]
[Black "Topalov,V"]
[Result "1/2-1/2"]
[WhiteElo "2729"]
[BlackElo "2743"]
[EventDate "2003.01.11"]

1. d4 Nf6 2. c4 e6 3. Nc3 Bb4 4. Qc2 d5 5. cxd5 Qxd5 6. e3 c5 7. Bd2 Bxc3
8. bxc3 b6 9. Nf3 Nbd7 10. c4 Qd6 11. Be2 Bb7 12. Rd1 Rc8 13. O-O Qc7 14.
dxc5 Nxc5 15. Nd4 O-O 16. f3 Rfd8 17. Be1 Qe7 18. Bh4 Bc6 19. Nb5 h6 20.
Rxd8+ Rxd8 21. e4 Bxb5 22. cxb5 e5 23. Rd1 Ne6 24. Rxd8+ Qxd8 25. Qc1 Qd6
26. Bf2 Nd7 27. Bc4 Nd4 28. h3 Nc5 29. Kh2 g5 30. Qa3 Qd7 31. Bg3 Qe7 32.
Qb4 h5 33. Kh1 Qf6 34. Qa3 Kg7 35. Qxa7 h4 36. Bxe5 Qxe5 37. Qxf7+ Kh6 38.
Qf8+ Qg7 39. Qd6+ Kh7 40. Qxb6 Nxf3 41. gxf3 Qa1+ 42. Kg2 Qb2+ 43. Kf1 Qc1+
44. Kf2 1/2-1/2

[Event "GMA"]
[Site "Wijk aan Zee NED"]
[Date "2003.01.18"]
[Round "6"]
[White "Bareev,E"]
[Black "Van Wely,L"]
[Result "0-1"]
[WhiteElo "2729"]
[BlackElo "2668"]
[EventDate "2003.01.11"]

1. d4 Nf6 2. c4 g6 3. Nc3 d5 4. Nf3 Bg7 5. Qb3 dxc4 6. Qxc4 O-O 7. e4 a6 8.
Be2 b5 9. Qb3 c5 10. dxc5 Bb7 11. O-O Nxe4 12. Nxe4 Bxe4 13. Bf4 Bd5 14.
Qe3 Bxb2 15. Rad1 e6 16. Nd4 Bxd4 17. Rxd4 Nc6 18. Rd2 Qf6 19. Rc1 Rfe8 20.
h3 e5 21. Bg5 Qe6 22. Bg4 f5 23. Bd1 f4 24. Qc3 Nd4 25. Bxf4 Bxa2 26. c6
Bc4 27. c7 Qd6 28. Bg3 Re7 29. Qa5 Rc8 30. Bg4 Rcxc7 31. Rcd1 Nb3 32. Rxd6
Nxa5 33. Bh4 Rf7 34. Rxa6 Nc6 35. Rd6 Nb4 36. Ra8+ Kg7 37. Bg3 Nd3 38. Rxd3
Bxd3 39. Bxe5+ Kh6 40. Rd8 Rce7 41. Bd6 Re1+ 42. Kh2 Bf5 43. Bb4 Re6 44.
Bd1 Rc6 45. Bb3 Be6 46. Bd2+ Kg7 47. Bxe6 Rxe6 48. Bc3+ Kh6 49. f4 Rc6 50.
Bd4 g5 51. fxg5+ Kxg5 52. Rb8 Rf5 53. Rg8+ Rg6 54. Rh8 h5 55. Kg3 Rd5 56.
Be3+ Kf6+ 57. Kf3 Kg7 58. Rb8 Re6 59. Bf4 Rd3+ 60. Kf2 Rb3 61. Rd8 Re4 62.
Bd2 Kf6 63. Rf8+ Ke6 64. Rh8 Re5 65. Bf4 Rf5 66. g3 Rc5 67. Be3 Rf5+ 68.
Bf4 b4 69. Ke2 Ra5 70. Rh6+ Kf7 71. Kd2 Ra2+ 72. Kc1 Rf3 73. Kb1 b3 0-1

[Event "GMA"]
[Site "Wijk aan Zee NED"]
[Date "2003.01.19"]
[Round "7"]
[White "Van Wely,L"]
[Black "Timman,J"]
[Result "1-0"]
[WhiteElo "2668"]
[BlackElo "2594"]
[EventDate "2003.01.11"]

1. d4 d5 2. c4 c6 3. Nf3 Nf6 4. e3 g6 5. Bd3 Bg7 6. O-O O-O 7. Nc3 Bg4 8.
h3 Bxf3 9. Qxf3 dxc4 10. Bxc4 Nbd7 11. Rd1 Qa5 12. e4 b5 13. Bb3 e5 14.
dxe5 Nxe5 15. Qe2 b4 16. Na4 Qb5 17. Qc2 Rfd8 18. Be3 Rd3 19. Rxd3 Qxd3 20.
Qxd3 Nxd3 21. Rd1 Ne5 22. f4 Bh6 23. Nc5 Nh5 24. g3 1-0

[Event "GMA"]
[Site "Wijk aan Zee NED"]
[Date "2003.01.20"]
[Round "8"]
[White "Shirov,A"]
[Black "Grischuk,A"]
[Result "0-1"]
[WhiteElo "2723"]
[BlackElo "2712"]
[EventDate "2003.01.11"]

1. e4 c5 2. Nf3 Nc6 3. d4 cxd4 4. Nxd4 Nf6 5. Nc3 e5 6. Ndb5 d6 7. Bg5 a6
8. Na3 b5 9. Bxf6 gxf6 10. Nd5 f5 11. Bd3 Be6 12. O-O Bxd5 13. exd5 Ne7 14.
c3 Bg7 15. Qh5 e4 16. Bc2 Qc8 17. Rae1 O-O 18. Bb3 a5 19. Qg5 Qb7 20. f3 h6
21. Qf4 a4 22. Bc2 b4 23. cxb4 Qxb4 24. fxe4 Ng6 25. Qxf5 Bxb2 26. e5 Bxe5
27. Nb1 Rae8 28. Be4 Bf4 29. g3 Re5 30. Qg4 Rxe4 31. Rxe4 Qxe4 32. gxf4 Rb8
0-1

[Event "GMA"]
[Site "Wijk aan Zee NED"]
[Date "2003.01.23"]
[Round "10"]
[White "Bareev,E"]
[Black "Karpov,An"]
[Result "1/2-1/2"]
[WhiteElo "2729"]
[BlackElo "2688"]
[EventDate "2003.01.11"]

1. d4 Nf6 2. c4 e6 3. Nc3 Bb4 4. Qc2 O-O 5. a3 Bxc3+ 6. Qxc3 b6 7. Bg5 Bb7
8. e3 d6 9. Ne2 Nbd7 10. Qd3 h6 11. Bh4 Qe7 12. Nc3 c5 13. Rd1 Rfd8 14. Be2
cxd4 15. Qxd4 Nc5 16. Bxf6 Qxf6 17. Qxf6 gxf6 18. Nb5 d5 19. cxd5 Bxd5 20.
Nc7 Bb3 21. Nxa8 Bxd1 22. Bxd1 Rxa8 23. Bc2 Rc8 24. Kd2 Kf8 25. g4 Nb7 26.
Rg1 Nd6 27. Bd3 Rc5 28. f3 Ke7 29. h4 Rc8 30. f4 Rc5 31. Ke2 Rc8 32. e4 e5
33. Ke3 exf4+ 34. Kxf4 Rc5 35. Rg2 Rc1 36. Rc2 Rxc2 37. Bxc2 Nc4 38. Bb3
Ne5 39. Bd5 a5 40. b3 Nd3+ 41. Ke3 Ne5 42. Kf4 Ng6+ 43. Kg3 Nf8 44. a4 Ng6
45. Bc4 Nf8 46. Kg2 Ng6 47. Kh3 Nf4+ 48. Kg3 Ng6 49. Bd5 Nf8 50. Kg2 Ng6
51. Kg3 Nf8 52. Kf3 Ng6 53. h5 Ne5+ 54. Kf4 Nd3+ 55. Kf5 Nb4 56. Bb7 Nc2
57. Kf4 Nd4 58. Bd5 Ne6+ 59. Kf5 Nd4+ 60. Kf4 Ne6+ 1/2-1/2

[Event "GMA"]
[Site "Wijk aan Zee NED"]
[Date "2003.01.24"]
[Round "11"]
[White "Karpov,An"]
[Black "Ivanchuk,V"]
[Result "1/2-1/2"]
[WhiteElo "2688"]
[BlackElo "2699"]
[EventDate "2003.01.11"]

1. d4 Nf6 2. c4 g6 3. Nf3 Bg7 4. g3 d5 5. cxd5 Nxd5 6. Bg2 Nb6 7. Nc3 Nc6
8. e3 O-O 9. O-O Re8 10. d5 Na5 11. Nd4 Bd7 12. e4 c6 13. Re1 cxd5 14. exd5
Rc8 15. Bf4 Nac4 16. b3 Bg4 17. Qxg4 Bxd4 18. Bd2 Bf6 19. bxc4 Nxc4 20. d6
Nxd2 21. d7 Rxc3 22. dxe8=Q+ Qxe8 23. Rac1 b5 24. Qb4 Rxc1 25. Rxc1 Nc4 26.
a4 a6 27. axb5 axb5 28. Rb1 Nd6 29. Bf1 Kg7 30. Bxb5 Qc8 31. Bd3 h5 32. Qe1
Qc5 33. Rc1 Qb6 34. Rc2 Qa7 35. Qe2 Qb6 36. Qf3 Qb1+ 37. Kg2 Qb3 38. Re2
Qb4 39. Qe3 Qb7+ 1/2-1/2

[Event "GMA"]
[Site "Wijk aan Zee NED"]
[Date "2003.01.24"]
[Round "11"]
[White "Van Wely,L"]
[Black "Kramnik,V"]
[Result "1-0"]
[WhiteElo "2668"]
[BlackElo "2807"]
[EventDate "2003.01.11"]

1. d4 Nf6 2. c4 e6 3. Nc3 Bb4 4. Qc2 O-O 5. a3 Bxc3+ 6. Qxc3 b6 7. Bg5 Bb7
8. f3 d6 9. e4 c5 10. dxc5 bxc5 11. O-O-O Nc6 12. Bxf6 gxf6 13. Ne2 e5 14.
Qd2 Nd4 15. Qh6 Kh8 16. h4 Rb8 17. Nxd4 cxd4 18. Rd2 Rg8 19. h5 Ba6 20. Bd3
Rb6 21. Rc2 Rb3 22. Rd1 Qe7 23. Bf1 Qe6 24. Bd3 Rc8 25. Kb1 Rcb8 26. Ka1
Qe7 27. g4 Bc8 28. Rg2 Bd7 29. Rdd2 Rg8 30. Ka2 Rb6 31. Rdf2 Be6 32. Rg1
Rc6 33. b3 Rb6 34. Rfg2 Rbb8 35. f4 Bd7 36. g5 fxg5 37. fxg5 Rg7 38. Qf6
Qxf6 39. gxf6 Rxg2+ 40. Rxg2 h6 41. b4 Rg8 42. Rxg8+ Kxg8 43. b5 Bg4 44. a4
Kf8 45. a5 Ke8 46. a6 Kd8 47. b6 Bd7 48. c5 dxc5 49. Bc4 1-0

[Event "GMA"]
[Site "Wijk aan Zee NED"]
[Date "2003.01.25"]
[Round "12"]
[White "Ponomariov,R"]
[Black "Karpov,An"]
[Result "1-0"]
[WhiteElo "2734"]
[BlackElo "2688"]
[EventDate "2003.01.11"]

1. e4 e5 2. Nf3 Nf6 3. Nxe5 d6 4. Nf3 Nxe4 5. d4 d5 6. Bd3 Be7 7. O-O Nc6
8. c4 Nf6 9. h3 Nb4 10. Be2 dxc4 11. Bxc4 O-O 12. Nc3 c6 13. Re1 Nbd5 14.
Qb3 Nb6 15. Bd3 Be6 16. Qc2 Bd5 17. Ne5 h6 18. Bf4 Re8 19. Re2 Be6 20. Qd2
Bf8 21. Rae1 Nbd5 22. Bg3 Rc8 23. Bh4 g5 24. Bg3 Nh5 25. Nxd5 Nxg3 26. fxg3
cxd5 27. Bb1 Qf6 28. Ng4 Qg7 29. Bf5 h5 30. Rxe6 Rxe6 31. Rxe6 hxg4 32. Re5
Rc7 33. Bxg4 Be7 34. Rxd5 Qg6 35. Kh2 Qb6 36. b3 Bf6 37. Bf3 Kg7 38. Be4
Re7 39. Bd3 Qe6 40. Bc4 Qe4 41. Qd1 b6 42. Rd6 Rc7 43. Qf3 Qxf3 44. gxf3 b5
45. Bd3 Rc3 46. Be4 Re3 47. h4 gxh4 48. gxh4 Bxh4 49. Kh3 Bf6 50. Kg4 a5
51. Kf5 Be7 52. Ra6 Bb4 53. Ra7 Re2 54. a3 Bxa3 55. Rxa5 b4 56. Rb5 Rd2 57.
d5 Rh2 58. Rb6 Rh5+ 59. Kg4 Rh8 60. Bd3 Rd8 61. Bc4 Kf8 62. d6 Bb2 63. Kf5
Bd4 64. Rc6 Bc3 65. Ra6 Ke8 66. Ke4 Bd2 67. f4 Kf8 68. f5 Kg7 69. Bb5 Kf6
70. d7+ Kg5 71. Ra7 Bc3 72. Rc7 Bb2 73. Bd3 Bf6 74. Kd5 Rh8 75. Rc8 Bd8 76.
Rxd8 1-0

[Event "GMA"]
[Site "Wijk aan Zee NED"]
[Date "2003.01.26"]
[Round "13"]
[White "Karpov,An"]
[Black "Kramnik,V"]
[Result "1/2-1/2"]
[WhiteElo "2688"]
[BlackElo "2807"]
[EventDate "2003.01.11"]

1. d4 Nf6 2. c4 e6 3. Nc3 Bb4 4. Qc2 d5 5. cxd5 Qxd5 6. e3 c5 7. dxc5 Qxc5
8. Bd2 Nc6 9. Rc1 O-O 10. a3 Bxc3 11. Bxc3 Nd5 12. Nf3 Nxc3 13. Qxc3 Qxc3+
14. Rxc3 Bd7 15. Bd3 1/2-1/2

[Event "GMA"]
[Site "Wijk aan Zee NED"]
[Date "2003.01.26"]
[Round "13"]
[White "Ivanchuk,V"]
[Black "Ponomariov,R"]
[Result "1-0"]
[WhiteElo "2699"]
[BlackElo "2734"]
[EventDate "2003.01.11"]

1. Nf3 d5 2. d4 Nf6 3. c4 dxc4 4. e3 e6 5. Bxc4 a6 6. O-O c5 7. dxc5 Bxc5
8. Qe2 b5 9. Bd3 Nc6 10. Rd1 Qc7 11. a4 b4 12. Nbd2 Bb7 13. Nb3 Na5 14.
Nxc5 Qxc5 15. e4 Nb3 16. Rb1 O-O 17. Be3 Qh5 18. Qc2 Na5 19. Rbc1 Rad8 20.
Bb6 Rd6 21. Qc5 Qxc5 22. Bxc5 Rd7 23. Ne5 Rdd8 24. Bxb4 Nb3 25. Rc3 Rfe8
26. Rxb3 Bxe4 27. f3 Bf5 28. Rd2 Rb8 29. Bxa6 1-0

[Event "GMA"]
[Site "Wijk aan Zee NED"]
[Date "2003.01.26"]
[Round "13"]
[White "Topalov,V"]
[Black "Grischuk,A"]
[Result "1/2-1/2"]
[WhiteElo "2743"]
[BlackElo "2712"]
[EventDate "2003.01.11"]

1. e4 c5 2. Nf3 Nc6 3. d4 cxd4 4. Nxd4 Nf6 5. Nc3 e5 6. Ndb5 d6 7. Bg5 a6
8. Na3 b5 9. Bxf6 gxf6 10. Nd5 f5 11. c3 Bg7 12. exf5 Bxf5 13. Nc2 Be6 14.
a4 O-O 15. axb5 axb5 16. Rxa8 Qxa8 17. Nce3 Nd4 18. Nc7 Qa2 19. Nxe6 Nxe6
20. Bd3 Qxb2 21. O-O Nc5 22. Bf5 e4 23. Nd5 Re8 24. Qg4 Kf8 25. Bxh7 Re5
26. Qc8+ Re8 27. Qc6 Be5 28. g3 Qd2 29. Bf5 Rd8 30. Bg4 Bxc3 31. Rd1 Qg5
32. Qb6 Bf6 33. Be2 Kg7 34. h4 Qe5 35. Bxb5 Ne6 36. Bc4 Qb2 37. Qxb2 Bxb2
38. Ne3 Be5 39. Bd5 Nc5 40. Rb1 Kg6 41. g4 Bf4 42. Kg2 Rh8 43. Nf5 Kf6 44.
Rb6 Rg8 45. f3 e3 46. Bc4 Rd8 47. Kf1 Ne6 48. Bxe6 fxe6 49. Rb4 d5 50. Ke2
exf5 51. Rxf4 d4 52. Rxf5+ Kg7 53. Re5 d3+ 54. Kd1 e2+ 55. Kd2 Kf6 56. Re4
Rd6 57. f4 Kg6 58. h5+ Kh6 59. Re7 Rd4 60. Re6+ Kh7 61. g5 Rxf4 62. Kxd3
Rf5 63. Rh6+ Kg7 64. Rg6+ Kh7 65. Kxe2 Ra5 66. Kd3 1/2-1/2